000 00258nam a22001217a 4500
008 170221b xxu||||| |||| 00| 0 eng d
041 _aeng
080 _a615
100 _a5
101 _aSHF
245 _aANUAL OF DRUG THERAPY
_cDUNNER.D.L
942 _2udc
_cBK
999 _c5979
_d5979